<?xml version="1.0" encoding="UTF-8"?><?xml-stylesheet type="text/xsl" href="static/style.xsl"?><OAI-PMH xmlns="http://www.openarchives.org/OAI/2.0/" xmlns:xsi="http://www.w3.org/2001/XMLSchema-instance" xsi:schemaLocation="http://www.openarchives.org/OAI/2.0/ http://www.openarchives.org/OAI/2.0/OAI-PMH.xsd"><responseDate>2026-04-28T07:29:33Z</responseDate><request verb="GetRecord" identifier="oai:riubu.ubu.es:10259/10220" metadataPrefix="marc">https://riubu.ubu.es/oai/request</request><GetRecord><record><header><identifier>oai:riubu.ubu.es:10259/10220</identifier><datestamp>2026-02-20T01:05:50Z</datestamp><setSpec>com_10259_7859</setSpec><setSpec>com_10259_5086</setSpec><setSpec>com_10259_2604</setSpec><setSpec>col_10259_7860</setSpec></header><metadata><record xmlns="http://www.loc.gov/MARC21/slim" xmlns:doc="http://www.lyncode.com/xoai" xmlns:xsi="http://www.w3.org/2001/XMLSchema-instance" xmlns:dcterms="http://purl.org/dc/terms/" xsi:schemaLocation="http://www.loc.gov/MARC21/slim http://www.loc.gov/standards/marcxml/schema/MARC21slim.xsd">
<leader>00925njm 22002777a 4500</leader>
<datafield tag="042" ind1=" " ind2=" ">
<subfield code="a">dc</subfield>
</datafield>
<datafield tag="720" ind1=" " ind2=" ">
<subfield code="a">Izquierdo Ramírez, Beatriz</subfield>
<subfield code="e">author</subfield>
</datafield>
<datafield tag="720" ind1=" " ind2=" ">
<subfield code="a">Nogueira Joaquín, María Elena</subfield>
<subfield code="e">author</subfield>
</datafield>
<datafield tag="260" ind1=" " ind2=" ">
<subfield code="c">2024-01</subfield>
</datafield>
<datafield tag="520" ind1=" " ind2=" ">
<subfield code="a">Este  artículo  indaga  sobre  los  procesos  de  dinamización  colectiva  en  territorios  rurales  de  la  denominada  “España  vaciada”.  Frente  a  planteamientos  que  asumen  el  debilitamiento  del  capital social que genera la pérdida de población, el artículo analiza la irrupción de asociaciones con capacidad de movilización a partir de un fuerte sentimiento de arraigo y comunidad. Se trata de un estudio exploratorio cuya mirada teórica resulta de aspectos vinculados con los conceptos de participación e innovación social y comunidad. La propuesta de análisis es cualitativa, y se trabaja  a  partir  del  caso  de  cinco  experiencias  localizadas  en  el  sureste  de  la  provincia  de  Burgos. Los resultados muestran el peso del arraigo sobre la acción movilizadora. A pesar de la complejidad de la despoblación, se sostiene que este tipo de entidades pueden resultar recursos sugerentes para la construcción de lazos comunitarios en el territorio.</subfield>
</datafield>
<datafield tag="520" ind1=" " ind2=" ">
<subfield code="a">This paper explores the processes of collective dynamization that are recently emerging in rural territories  of  the  so-called  "Empty  Spain".  In  response  to  the  perspectives  that  assume  the  weakening of social capital produced by population decline, the study analyzes the emergence of associations which are being able to mobilize based on great local rooting and community. This is an exploratory study whose theoretical framework derive from issues related to the notion of participation and social innovation, and community. The analitical approach is qualitative, and it is carried out on the case of five experiences placed in the Southeast of the province of Burgos. The results demonstrate the weight of rootedness on mobilizing action. Despite the complexity of depopulation,  the  paper  higlights  that  these  entities  could  be  considered  stimulating  tools  for  community building at territorial level.</subfield>
</datafield>
<datafield tag="024" ind2=" " ind1="8">
<subfield code="a">0329-8213</subfield>
</datafield>
<datafield tag="024" ind2=" " ind1="8">
<subfield code="a">http://hdl.handle.net/10259/10220</subfield>
</datafield>
<datafield tag="024" ind2=" " ind1="8">
<subfield code="a">2469-0732</subfield>
</datafield>
<datafield ind1=" " ind2=" " tag="653">
<subfield code="a">Dinamización</subfield>
</datafield>
<datafield ind1=" " ind2=" " tag="653">
<subfield code="a">Medio rural</subfield>
</datafield>
<datafield ind1=" " ind2=" " tag="653">
<subfield code="a">Acción colectiva</subfield>
</datafield>
<datafield ind1=" " ind2=" " tag="653">
<subfield code="a">España vaciada</subfield>
</datafield>
<datafield ind1=" " ind2=" " tag="653">
<subfield code="a">Dynamization</subfield>
</datafield>
<datafield ind1=" " ind2=" " tag="653">
<subfield code="a">Rural areas</subfield>
</datafield>
<datafield ind1=" " ind2=" " tag="653">
<subfield code="a">Collective action</subfield>
</datafield>
<datafield ind1=" " ind2=" " tag="653">
<subfield code="a">Empty Spain</subfield>
</datafield>
<datafield tag="245" ind1="0" ind2="0">
<subfield code="a">Despoblación, territorio y comunidad: experiencias de participación social en la provincia de Burgos</subfield>
</datafield>
</record></metadata></record></GetRecord></OAI-PMH>